|
|
|
|
| LEADER |
00000cam a2200000 a 4500 |
| 001 |
vtls010335364 |
| 003 |
SK-MaSNL |
| 005 |
20260425235728.0 |
| 008 |
150827s2011 xo ao e 000 0 slo |
| 015 |
|
|
|a SNBA2013
|
| 020 |
|
|
|a 9788081141010 (brož.)
|
| 035 |
|
|
|a 73AAC235-B09D-40FB-BB50-0E0426EF2AD5
|
| 035 |
|
|
|a urn:nbn:sk:snk-amjjks
|
| 035 |
|
|
|a urn:nbn:sk:snk-am001nfg
|
| 040 |
|
|
|a SNK
|b slo
|c SNK
|e AACR2
|
| 041 |
1 |
|
|a slo
|h ger
|
| 043 |
|
|
|a e-xo---
|
| 044 |
|
|
|a xo
|c SK
|
| 072 |
|
7 |
|a 26
|x Judaizmus
|2 konspekt
|
| 080 |
|
|
|a 26-774/-775
|2 2001
|
| 080 |
|
|
|a 061.2(=411.16)
|2 2001
|
| 080 |
|
|
|a 94(=411.16)
|2 2001
|
| 080 |
|
|
|a 26-4
|2 2001
|
| 080 |
|
|
|a 001.83-027.22
|2 2001
|
| 080 |
|
|
|a 26-67
|2 2001
|
| 080 |
|
|
|a 26-662:316.74
|2 2001
|
| 080 |
|
|
|a (437.6)
|2 2001
|
| 080 |
|
|
|a (048.8)
|2 2001
|
| 080 |
|
|
|a (093)
|2 2001
|
| 130 |
0 |
4 |
|a Die Juden und die Judengemeinde Bratislava in Vergangenheit und Gegenwart
|l Slovensky
|9 544395
|
| 245 |
0 |
0 |
|a Židovská náboženská obec v Bratislave v minulosti a súčasnosti
|c zostavil Hugo Gold ; [preložil Bohumír Kvasnička ; fotografie Nikolaus Rosenhan ... [et al.]]
|
| 250 |
|
|
|a 1. vyd.
|
| 260 |
|
|
|a Bratislava
|b Marenčin PT
|c 2011
|
| 300 |
|
|
|a 142 s.
|b fotogr., ilustr.
|c 21 cm
|
| 490 |
1 |
|
|a Bratislava - Pressburg
|
| 504 |
|
|
|a Pozn.
|
| 648 |
|
7 |
|a 13.-20. stor.
|2 SNKPH
|9 294414
|
| 648 |
|
7 |
|a 13th-20th centuries
|2 SNKPHeng
|9 419294
|
| 650 |
0 |
7 |
|a dejiny Židov
|2 SNKPH
|9 83301
|
| 650 |
0 |
7 |
|a židovské obce
|2 SNKPH
|9 246222
|
| 650 |
0 |
7 |
|a židovské spolky
|2 SNKPH
|9 544396
|
| 650 |
0 |
7 |
|a náboženský život
|2 SNKPH
|9 1995
|
| 650 |
0 |
7 |
|a intelektuálny život
|2 SNKPH
|9 68404
|
| 650 |
0 |
7 |
|a judaizmus a spoločnosť
|2 SNKPH
|9 182183
|
| 650 |
0 |
7 |
|a judaizmus a kultúra
|2 SNKPH
|9 195503
|
| 650 |
0 |
7 |
|a History of the Jews
|2 SNKPHeng
|9 267344
|
| 650 |
0 |
7 |
|a Jewish communities
|2 SNKPHeng
|9 312980
|
| 650 |
0 |
7 |
|a Jewish associations
|2 SNKPHeng
|9 544397
|
| 650 |
0 |
7 |
|a Religious life
|2 SNKPHeng
|9 275462
|
| 650 |
0 |
7 |
|a Intellectual life
|2 SNKPHeng
|9 313765
|
| 650 |
0 |
7 |
|a Judaism and society
|2 SNKPHeng
|9 319803
|
| 650 |
0 |
7 |
|a Judaism and culture
|2 SNKPHeng
|9 419859
|
| 651 |
|
7 |
|a Bratislava (Slovensko)
|2 SNKPH
|9 14568
|
| 651 |
|
7 |
|a Bratislava (Slovakia)
|2 SNKPHeng
|9 171234
|
| 655 |
|
7 |
|a monografie
|2 SNKPH
|9 70139
|
| 655 |
|
7 |
|a Monographs
|2 SNKPHeng
|9 120675
|
| 655 |
|
7 |
|a pramene
|2 SNKPH
|9 70564
|
| 655 |
|
7 |
|a Sources
|2 SNKPHeng
|9 285559
|
| 700 |
1 |
|
|a Gold, Hugo,
|d 1895-1974
|4 com
|9 544398
|
| 700 |
1 |
|
|a Rosenhan, Nikolaus
|4 pht
|9 470319
|
| 700 |
1 |
|
|a Kvasnička, Bohumír
|4 trl
|9 450980
|
| 830 |
|
0 |
|a Bratislava - Pressburg
|9 310617
|
| 852 |
|
|
|a Štátna vedecká knižnica v Banskej Bystrici
|
| 919 |
|
|
|a 978-80-8114-101-0
|
| 958 |
|
|
|a ZD
|
| 958 |
|
|
|a NM
|
| 958 |
|
|
|a OP
|
| 968 |
|
|
|b DT
|
| 999 |
|
|
|c 836722
|d 838652
|
| 952 |
|
|
|a SNK
|b SNK
|y PREZ
|7 0
|p 17A1057181
|o snkSC 151995
|i snk2012/23837
|8 0
|0 0
|1 0
|4 0
|d 2012-11-20
|l 0
|r 2025-07-22 00:00:00
|w 2026-02-24
|
| 952 |
|
|
|a SNK
|b SNK
|y VYP
|7 0
|p 17A1057301
|o snkSC 151995 D1
|i snk2012/23838
|8 0
|0 0
|1 0
|4 0
|d 2012-11-20
|f 1
|l 0
|r 2026-02-24 03:57:13
|w 2026-02-24
|